|
|
|
|
| LEADER |
00000nam0a2200000 4500 |
| 001 |
323323 |
| 005 |
20231102003547.0 |
| 035 |
|
|
|a (RuTPU)RU\TPU\book\348907
|
| 090 |
|
|
|a 323323
|
| 100 |
|
|
|a 20161017d1906 m y0rusy50 ca
|
| 101 |
0 |
|
|a rus
|
| 102 |
|
|
|a RU
|
| 105 |
|
|
|a a b 000zy
|
| 200 |
1 |
|
|a Г. Кеппен и Ко
|e [каталог]
|h Март 1906 г.
|
| 210 |
|
|
|a Москва
|c Типо-литография Т-ва И. Н. Кушнерев и К
|d 1906
|
| 215 |
|
|
|a 13 с.
|
| 300 |
|
|
|a Текст в русской дореформенной орфографии
|
| 317 |
|
|
|5 63413507: М-132163
|a Поступила в НТБ в 1970 г. в составе книжного собрания профессора ТПИ И. Н. Бутакова
|
| 606 |
1 |
|
|a Токарные станки
|x Конструкции иностранные
|2 stltpush
|3 (RuTPU)RU\TPU\subj\60835
|9 78058
|
| 610 |
1 |
|
|a токарно-винторезные станки
|
| 610 |
1 |
|
|a зарубежные марки
|
| 610 |
1 |
|
|a 20 век
|
| 610 |
1 |
|
|a каталоги
|
| 610 |
1 |
|
|a библиотека И. Н. Бутакова
|
| 610 |
1 |
|
|a описания
|
| 610 |
1 |
|
|a производства
|
| 610 |
1 |
|
|a ассортимент
|
| 675 |
|
|
|a 621.941.2/.31
|v 4
|
| 801 |
|
1 |
|a RU
|b 63413507
|c 20161017
|
| 801 |
|
2 |
|a RU
|b 63413507
|c 20190723
|g RCR
|
| 942 |
|
|
|c BK
|